Normal view
MARC view
Entry Personal Name
001 - CONTROL NUMBER
- control field: 211
003 - CONTROL NUMBER IDENTIFIER
- control field: OSt
005 - DATE AND TIME OF LATEST TRANSACTION
- control field: 20180809123226.0
008 - FIXED-LENGTH DATA ELEMENTS
- fixed length control field: 180809|| aca||aabn | a|a d
040 ## - CATALOGING SOURCE
- Original cataloging agency: OSt
- Transcribing agency: OSt
100 ## - HEADING--PERSONAL NAME
- Personal name: Rao, P.V. Narsimha (Chairman)
670 ## - SOURCE DATA FOUND
- Source citation: Work cat.: (OSt): India. Planning Commission 210, Eighth five year plan 1992-97, 1992
